Parc Etnològic del Montseny : l'Agustí : projecte museogràfic / Josep Manuel Rueda i Torres, Jordi Tura i Masnou ; col·laboradors: Gemma Font i Valentí, Joaquim Mateu i Gasquet, Sandra Pujadas i Mitjà l'Agustí :
Descripción Física:
79 p. : il. ; 30 cm
Otros Autores:
Tura i Masnou, Jordi
,
Font i Valentí, Gemma
,
Mateu i Gasquet, Joaquim I
,
Pujadas i Mitjà, Sandra
MARC
| LEADER | 00000nam a2200000Ia 4500 | ||
|---|---|---|---|
| 001 | 18542 | ||
| 008 | 160829s9999 xx 000 0 cat d | ||
| 080 | |a C-2-157 | ||
| 100 | |a Rueda i Torres, Josep Manuel |9 44626 | ||
| 245 | |a Parc Etnològic del Montseny : |b l'Agustí : |b projecte museogràfic / Josep Manuel Rueda i Torres, Jordi Tura i Masnou ; col·laboradors: |b Gemma Font i Valentí, Joaquim Mateu i Gasquet, Sandra Pujadas i Mitjà | ||
| 260 | |a [Arbúcies] : |b Museu Etnològic del Montseny. La Gabella, [1998] | ||
| 300 | |a 79 p. : |b il. ; |c 30 cm | ||
| 590 | |a Exemplar ciclostilat | ||
| 650 | |a Tagamanent (Vallès Oriental) |x Museus |9 44627 | ||
| 650 | |a Agustí |x Museus |9 44628 | ||
| 700 | |a Tura i Masnou, Jordi |9 71580 | ||
| 700 | |a Font i Valentí, Gemma |9 44630 | ||
| 700 | |a Mateu i Gasquet, Joaquim I |9 44631 | ||
| 700 | |a Pujadas i Mitjà, Sandra |9 44632 | ||
| 901 | |a Arxiu | ||
| 942 | |n 1 | ||
| 952 | |0 0 |1 0 |4 0 |6 C2157 |7 1 |9 52061 |a Arxiu |b Arxiu |d 2016-12-01 |l 0 |o C-2-157 |p 18542 |r 2016-12-01 00:00:00 |w 2016-12-01 |y ARXIU | ||
| 999 | |c 55909 |d 55909 | ||